| 000 | 00611nam a2200193 a 4500 | ||
|---|---|---|---|
| 001 | 000034914 | ||
| 005 | 20200930074001.0 | ||
| 008 | 111021s1965 mx a 000 0 spa d | ||
| 040 |
_aDO-SdBNP _bspa _cBNPHU |
||
| 082 |
_axxxx _bxxxx |
||
| 100 | 1 |
_aL. Carson, Hampton _960480 |
|
| 245 | 1 | 0 |
_aHerencia y vida / _cHampton L. Carson. |
| 260 |
_aMéxico, : _bLimusa, _c1965. |
||
| 300 |
_a282 p. : _bil. ; _c20 cm. |
||
| 490 | 1 | _aEl mundo de hoy | |
| 500 | _aPerteneció a la biblioteca personal de Juan Isidro Jimenes Grullón. | ||
| 504 | _aIncluye referencias bibliográficas | ||
| 830 | 0 |
_aEl mundo de hoy _949979 |
|
| 999 |
_c34405 _d34405 |
||